| 000 | 00777nam a2200253 a 4500 | ||
|---|---|---|---|
| 008 | |||
| 020 | _a0443056587 (pbk.) | ||
| 049 | _aMAIN | ||
| 090 |
_aQR181 _bJAN |
||
| 100 | _aJaneway, Charles A. | ||
| 245 | 1 | 0 |
_aImmunobiology : _bthe immune system in health and disease / _cCharles A. Janeway and Paul Travers. |
| 260 |
_aLondon : _bCB Current biology, _c1996. |
||
| 300 | _a2nd ed. | ||
| 300 |
_axix, [various pagings] : _bill. (some col.). ; _c30cm. |
||
| 504 | _aIncludes bibliographical references. | ||
| 500 | _aIncludes index. | ||
| 650 | 1 | _aImmunity. | |
| 700 | _aTravers, Paul. | ||
| 907 |
_a.b10329808 _b16-05-13 _c06-05-13 |
||
| 003 | |||
| 005 | 20230120204121.0 | ||
| 040 | _cNUST | ||
| 942 |
_cBOOKS _kQR181 _mJAN |
||
| 999 |
_c117423 _d117423 |
||